LEADER 01203nam a2200253 i 4500 001 000000241316 003 CaOOAMICUS 005 20150428000000.0 008 150428s2015 it u000 u ita u 013 $a220221 020 $a978-88-209-9505-8 040 $aSeMil$bita 100 1 $aDotta, Giovanale <1956- >.$0(OLS)http://semarc/name/14722 245 12$aL'apostolato educativo e sociale (1866-1900) /$cGiovanale Dotta. 260 $aCittą del Vaticano :$bLibreria Editrice Vaticana,$c2015. 300 $a486 p., [22] p. di tav. :$bill. ;$c25 cm. 650 4$aLeonardo : Murialdo .$0(OLS)http://semarc/subject/5133 773 0 $aDotta, Giovanale <1956- >$tLeonardo Murialdo.$dCittą del Vaticano : Libreria Editrice Vaticana, 2011-2018.$g[2$w()31917 850 $aSeMil 852 $aSeMil$W1$xVenegono$y1$m3H V 202$j191662$B191662$CSeMilBibl$Z2$F203137 $81 961 $aOmaggio per recensione: Scuola Cattolica 996 $6020$a978-88-209-9505-8$9(OLS)http://semarc/number/247954 996 $6245$aL'apostolato educativo e sociale (1866-1900)$9(OLS)http://semarc/title/409797 996 $6260$aCittą del Vaticano :$bLibreria Editrice Vaticana$9(OLS)http://semarc/publisher/29734 LEADER 01037nam a2200253 i 4500 001 000000119014 003 CaOOAMICUS 005 20031015000000.0 008 031015s1983 it u000 u ita u 013 $a91707 040 $aSeMil$bita 100 1 $aLuchetti, Casimiro .$0(OLS)http://semarc/name/49645 245 10$aItinerario mistico di S. Veronica Giuliani /$cCasimiro Luchetti ; a cura di Massimo Biocco. 260 $aSiena :$bCantagalli,$cstampa 1983. 300 $a205 p. ;$c22 cm. 500 $aFondo Card. C.M. Martini. 600 14$aGiuliani, Veronica .$0(OLS)http://semarc/subject/1340 700 1 $aBiocco, Massimo .$0(OLS)http://semarc/name/49646 850 $aSeMil 852 $aSeMil$W1$xVenegono$y1$m2C IV 20$j74259$B74259$CSeMilBibl$Z2$F85438 $81 941 1 $a4 961 $aOmaggio: Martini Card. Carlo Maria 996 $6245$aItinerario mistico di S. Veronica Giuliani$9(OLS)http://semarc/title/174867 996 $6260$aSiena :$bCantagalli$9(OLS)http://semarc/publisher/29767